书目信息 |
| 题名: |
微型计算机应用一百例
|
|
| 作者: | 吴季良 , 李襄筠 主编 | |
| 分册: | ||
| 出版信息: | 北京 机械工业出版社 1985 |
|
| 页数: | 574页 | |
| 开本: | 26cm | |
| 丛书名: | ||
| 单 册: | ||
| 中图分类: | TP399 | |
| 科图分类: | ||
| 主题词: | 计算机应用 | |
| 电子资源: | ||
| ISBN: | ||
| 000 | 00724nam0 2200241 45 | |
| 001 | 0185017056 | |
| 005 | 20060510154235.71 | |
| 010 | @dCNY5.65 | |
| 091 | @a15033.6006 | |
| 100 | @a19951117d1985 em y0chiy0121 ea | |
| 101 | 0 | @achi |
| 102 | @aCN@b110000 | |
| 105 | @ay z 000yy | |
| 200 | 10 | @a微型计算机应用一百例@Awei xing ji suan ji ying yong yi bai li@f吴季良,李襄筠主编@Fwu ji liang,li xiang jun zhu bian |
| 210 | @a北京@c机械工业出版社@d1985 | |
| 215 | @a574页@d26cm | |
| 606 | 0 | @a计算机应用 |
| 690 | @aTP399 | |
| 701 | 0 | @a吴季良@Awu ji liang@4主编 |
| 701 | 0 | @a李襄筠@Ali xiang jun@4主编 |
| 801 | 2 | @aCN@bNLC@c20060510 |
| 801 | 0 | @aCN@b深圳图书馆@c20040519 |
| 905 | @f2@b140855-856@dTP399@e86@b140858@f1 | |
| 微型计算机应用一百例/吴季良,李襄筠主编.-北京:机械工业出版社,1985 |
| 574页;26cm |
| ISBN :CNY5.65 |
| ● |
| 相关链接 |
|
|
|
|
正题名:微型计算机应用一百例
索取号:TP399/86
 
预约/预借
| 序号 | 登录号 | 条形码 | 馆藏地/架位号 | 状态 | 备注 |
| 1 | 0140855 | 001644885 | 密集书库/ [索取号:TP399/86] | 在馆 | |
| 2 | 0140856 | 001644812 | 密集书库/ [索取号:TP399/86] | 在馆 | |
| 3 | 0140857 | 202318562 | 密集书库/ [索取号:TP399/86] | 在馆 | |
| 4 | 0140858 | 001644876 | 第三借阅区/ [索取号:TP399/86] | 在馆 | |
| 5 | 0140859 | 001644956 | 第二样本阅览室/ [索取号:TP399/86] | 在馆 |